Guía REGION de la Pampa: Patagonia-Argentina

保存先:
書誌詳細
団体著者: REGION: Empresa Periodística (著者)
フォーマット: 図書
言語:スペイン語
英語
出版事項: Santa Rosa Región Empresa Periodística 2000
版:5a. ed
主題:
タグ: タグ追加
タグなし, このレコードへの初めてのタグを付けませんか!

MARC

LEADER 00000nam a2200000 a 4500
001 UCK4515
003 CL-VaPUC
008 050610e20001000ag |||||||||||||||||spa|d
041 0 7 |a spa  |2 CL-VaPUC 
041 0 7 |a eng  |2 CL-VaPUC 
082 0 4 |a 910.982  |b REG  |2 21 
110 2 |a REGION: Empresa Periodística  |e author  |9 493038 
245 1 0 |a Guía REGION de la Pampa: Patagonia-Argentina 
250 |a 5a. ed 
300 |a 180 p 
942 |c BK 
945 |d 20050610 00:00:00  |a cmena 
260 |a Santa Rosa  |b Región Empresa Periodística  |c 2000 
500 |a Incluye guía color de 182 p con desplegables, texto bilingue, planos céntricos, mapa de la Pampa, hoja de ruta regional, corredor biooceánico, postales turísticas, CD rom para pc 
650 0 |a Turismo  |9 308920 
650 0 |a Descripciones y viajes  |9 262159 
650 7 |a GUIA TURISTICAS  |2 CL-VaPUC  |9 493039 
651 0 |a Argentina  |9 254888 
651 7 |a PAMPA  |2 CL-VaPUC  |9 493040 
651 0 |a Patagonia  |9 269580 
583 |a last modification  |c 20171211 01:26:55  |k Rodrigo Vera 
999 |c 313346  |d 313344 
952 |0 0  |1 0  |4 0  |6 910_982000000000000_REG_2000  |7 0  |8 X  |9 384657  |a BIBING  |b BIBING  |d 2019-11-22  |i 4082761  |o 910.982 REG 2000  |p 4082761  |r 2023-03-02  |w 2019-11-22  |y BK_X  |k GEO 
952 |0 0  |1 0  |4 0  |6 910_982000000000000_REG_2000  |7 0  |8 X  |9 384658  |a BIBING  |b BIBING  |d 2019-11-22  |i 408277K  |o 910.982 REG 2000  |p 408277K  |r 2023-03-02  |w 2019-11-22  |y BK_X  |k GEO